00423nam a2200121Ia 4500008004100000100001900041245004400060245002000104260000900124856007600133999001900209952007300228160531s9999 xx 000 0 und d aManafi, Milad. aArtificial Insemination in Farm Animals cby Milad Manafi c2011 uhttp://www.intechopen.com/books/artificial-insemination-in-farm-animals c295299d295299 001040aCLbCLd2016-05-31l0r2016-05-31 00:00:00w2016-05-31yCBE